000 01064nab a22002417a 4500
999 _c6018
_d6018
003 OSt
005 20260116182722.0
008 190605e xxu||||| |||| 00| 0 spa d
040 _cPJ
100 _96822
_aMoreno Espeja, Matías
245 1 3 _aEl nuevo artículo 29 de la Ley de Contrato de Trabajo /
_cMatías Moreno Espeja.
260 _aCiudad Autónoma de Buenos Aires :
_bThomson Reuters La Ley,
_c2025.
300 _ap. 13-15
500 _aCita Online: Cita: TR LALEY AR/DOC/1024/2025.
505 _aSumario: I. Introducción.— II. Antecedentes.— III. El texto actual del art. 29 LCT.— IV. Conclusiones.
505 _t¿Te interesa el texto completo? Solicitalo al correo: koha@justierradelfuego.gov.ar
650 0 _91316
_aDERECHO LABORAL
650 0 _91323
_aCONTRATO DE TRABAJO
650 0 _aLEY DE CONTRATO DE TRABAJO
_91383
650 0 _aRESPONSABILIDAD SOLIDARIA
_94951
773 0 _02711
_93168
_dCiudad Autónoma de Buenos Aires : Thomson Reuters La Ley, 1999-2002.
_tRevista de derecho del trabajo. Nº 4 - Julio 2025
942 _2udc
_cANA